书目信息 |
| 题名: |
中国木板水印概说
|
|
| 作者: | 冯鹏生 | |
| 分册: | ||
| 出版信息: | 北京 北京大学出版社 1999 |
|
| 页数: | 195 | |
| 开本: | 29cm | |
| 丛书名: | ||
| 单 册: | ||
| 中图分类: | TS872 | |
| 科图分类: | ||
| 主题词: | 印刷--技术 | |
| 电子资源: | ||
| ISBN: | 7-301-04155-1 | |
| 000 | 00515nam0 2200181 450 | |
| 001 | 0754949328 | |
| 005 | 20070828151549.32 | |
| 010 | @a7-301-04155-1@d¥80.00 | |
| 100 | @a20070828d km y0chiy0120 ea | |
| 101 | 0 | @achi |
| 200 | 1 | @a中国木板水印概说@Azhong guo mu ban shui yin gai shuo@f冯鹏生@Ffeng peng sheng |
| 210 | @a北京@c北京大学出版社@d1999 | |
| 215 | @a195@d29cm | |
| 606 | 0 | @a印刷@x技术 |
| 690 | @aTS872@v3 | |
| 701 | 0 | @a冯鹏生@Afeng peng sheng |
| 801 | 0 | @aCN@bPFT@c20070828 |
| 905 | @a213230@dTS872@eM18 | |
| 中国木板水印概说/冯鹏生.-北京:北京大学出版社,1999 |
| 195;29cm |
| ISBN 7-301-04155-1:¥80.00 |
| ● |
| 相关链接 |
|
|
|
|
正题名:中国木板水印概说
索取号:TS872/M18
 
预约/预借
| 序号 | 登录号 | 条形码 | 馆藏地/架位号 | 状态 | 备注 |
| 1 | 6401367 | 264013677 | 密集书库-美术系/ [索取号:TS872/M18] | 在馆 | |
| 2 | 6401394 | 264013944 | 密集书库-美术系/ [索取号:TS872/M18] | 在馆 |